000 01900cam a22004934i 4500
003 PE-LiUPU
005 20250731173404.0
008 150706s r 000 0 d
020 _a9780311136230
035 _a(Sirsi) i9780311136230
040 _aPE-LiUPU
_bspa
_cPE-LiUPU
_erda
049 _aPRUA
082 0 4 _a225.04
_bEBUL
_221
100 1 _aLucado, Max,
_eautor.
245 1 3 _aEl evangelio de Lucas :
_bJesús, el hijo del hombre /
_cMax Lucado.
250 _a2a
264 1 _aTexas :
_bEditorial Mundo hispano,
_c2010.
300 _a128 páginas ;
_c21 cm.
336 _atext
_2rdacontent
337 _aunmediated
_2rdamedia
338 _avolume
_2rdacarrier
490 0 _aEstudios bíblicos para células
505 0 _aEsperanza puesta en Dios -- Fe en acción -- La oración que fortalece -- La compasión de Cristo -- Obedezca la Palabra de Dios -- Crea en Jesús -- La oración persistente -- Confíe en Dios -- El amor de Dios por la gente -- La verdadera adoración -- El sacrificio de Cristo -- Vea a Jesús.
526 _aSEG42
526 _aSEG41
526 _aSEG40
526 _aSEG39
526 _aP94
526 _aP87
526 _aP86
526 _aP85
526 _aP77
526 _aP76
526 _aP35
541 _g001-0000520;
650 0 4 _aEstudios bíblicos
_xGrupos pequeños.
700 1 _aJibaja, Eduardo,
_etr.
910 _cjck
_d20110804
942 _2ddc
_cBOOK
949 _a225.04 EBC 3
_wDEWEY
_c1
_i63257
_lCCODEBUL1
_mBUL
_p7.00
_r0
_sY
_tBOOK
_u2015-7-6
_xTEOLOGIA
_PP35
_o.STAFF. Colección General
994 _aC0
_bPEPRU
596 _a1
999 _a225.04 EBC 3
_wDEWEY
_c52258
_i63257
_d52258
_f2021-11-9
_g5
_lCCODEBUL1
_mBUL
_p7.00
_q1
_r0
_sY
_tBOOK
_u2015-7-6
_xTEOLOGIA
_PP35
_0COMPRA
_o.STAFF. Colección General
980 _81
_gALBERTO SANCHEZ Responsable de Automatización